| 000 | 00705nam a2200217 a 4500 | ||
|---|---|---|---|
| 999 |
_c3561 _d3561 |
||
| 001 | 3561 | ||
| 003 | BD-JhCC | ||
| 005 | 20171114204414.0 | ||
| 008 | 171002s2000 bg |||| ||a| 000 0 ben d | ||
| 035 | _a(BD-JhCC) | ||
| 040 |
_aBD-JhCC _dBD-JhCC |
||
| 041 | _aben | ||
| 082 |
_a891.4415 _bDAS 2000 |
||
| 100 | _aদাস, কুসুমকুমারী | ||
| 245 |
_aকুসুমকুমারী দাসের কবিতা / _cকুসুমকুমারী দাস; লায়লা জামান (সম্পাদনা) |
||
| 260 |
_aঢাকা: _bঅবসর, _c২০০০ |
||
| 300 |
_a79 p.; _c22 cm |
||
| 650 | _aBengali poetry | ||
| 942 |
_2ddc _cBK |
||